| 000 | 00634nam a2200277Ia 4500 | ||
|---|---|---|---|
| 005 | 20260324143841.0 | ||
| 008 | 008 260324s9999 xx 000 0 eng d | ||
| 020 | _a9780203064405 | ||
| 037 | _aEBOOK | ||
| 040 | _aCRL | ||
| 040 | _beng | ||
| 040 | _cCRL | ||
| 041 | _2eng | ||
| 041 | _aeng | ||
| 084 | _qCRL | ||
| 100 |
_aJohn Heath _91213801 |
||
| 245 | 0 | _aPublic Enterprise at the Crossroads | |
| 260 | _bTaylor and Francis | ||
| 260 | _c1990 | ||
| 365 | _a | ||
| 365 | _b315 | ||
| 856 | _uhttp://www.taylorfrancis.com/books/9780203064405 | ||
| 942 | _cEBOOK | ||
| 999 |
_c1823041 _d1823041 |
||